[Event "Nikaia op 28th"]
[Site "Nikaia"]
[Date "2021.08.26"]
[Round "6"]
[White "Finokaliotis, Georgios"]
[Black "Michelakos, Panagiotis"]
[Result "0-1"]
[WhiteElo "2100"]
[BlackElo "2252"]
[PlyCount "104"]
[EventDate "2021.08.21"]
[EventType "swiss"]
[EventRounds "7"]
[EventCountry "GRE"]
[SourceTitle "CBM 204 Extra"]
[Source "ChessBase"]
[SourceDate "2021.11.30"]
[SourceVersion "1"]
[SourceVersionDate "2021.11.30"]
[SourceQuality "1"]

1. d4 d5 2. Nf3 c5 3. c4 e6 4. e3 Nf6 5. Nc3 Nc6 6. Bd3 cxd4 7. exd4 dxc4 8. Bxc4 Be7 9. 0-0 0-0 10. a3 b6 11. d5 Na5 12. Ba2 exd5 13. Nxd5 Nxd5 14. Bxd5 Bb7 15. Bxb7 Nxb7 16. Bf4 Nc5 17. Be5 Re8 18. Qxd8 Raxd8 19. Rad1 f6 20. Bd4 Kf7 21. g3 Nb3 22. Bc3 Bc5 23. Rxd8 Rxd8 24. Re1 Rd3 25. Kg2 Bxa3 26. Bxf6 gxf6 27. bxa3 Nc5 28. Re3 Rxe3 29. fxe3 Ke6 30. Nd2 Ke5 31. Kf3 b5 32. g4 a5 33. h4 h6 34. Ke2 Kd5 35. Kd1 Ne4 36. Nb3 a4 37. Nd4 Kc4 38. Kc2 Nf2 39. Nf5 Nxg4 40. h5 b4 41. axb4 Kxb4 42. e4 a3 43. Nd4 Ne3+ 44. Kb1 Kc4 45. Nf3 Ng4 46. Kc2 Ne5 47. Nh4 Nd3 48. Kb1 Kb3 49. Nf5 Nb4 50. Nd4+ Kc4 51. Nf5 Kc3 52. Ka1 a2 0-1

[Event "Aegean op 44th"]
[Site "Aghios Kirykos"]
[Date "2021.07.17"]
[Round "9"]
[White "Makridis, Dimitrios"]
[Black "Finokaliotis, Georgios"]
[Result "1-0"]
[WhiteElo "2226"]
[BlackElo "2072"]
[PlyCount "103"]
[EventDate "2021.07.10"]
[EventType "swiss"]
[EventRounds "9"]
[EventCountry "GRE"]
[SourceTitle "CBM 203 Extra"]
[Source "ChessBase"]
[SourceDate "2021.09.30"]
[SourceVersion "1"]
[SourceVersionDate "2021.09.30"]
[SourceQuality "1"]

1. e4 c6 2. d4 d5 3. e5 c5 4. dxc5 e6 5. a3 Bxc5 6. b4 Be7 7. Nf3 a5 8. b5 Nd7 9. Bb2 Nh6 10. Nbd2 0-0 11. c4 f6 12. cxd5 exd5 13. Be2 fxe5 14. Nxe5 Nxe5 15. Bxe5 Bf6 16. Bxf6 Qxf6 17. 0-0 Bf5 18. Qb3 Rad8 19. Bf3 Qf7 20. Rfe1 Bg4 21. Rad1 Rd6 22. h3 Be6 23. Qa4 Nf5 24. Re5 Qf6 25. Rde1 Nh4 26. Kh2 d4 27. Rxe6 Qf4+ 28. Kh1 Rxe6 29. Qc4 Qxd2 30. Rxe6 Kh8 31. Bxb7 Qxf2 32. Qe2 Qxe2 33. Rxe2 Nf5 34. Re5 Nd6 35. Bc6 Nc4 36. Rd5 Nxa3 37. b6 g6 38. Rxd4 Nc2 39. Ra4 Nb4 40. Bf3 Na6 41. Rxa5 Nb8 42. Kg1 Rf6 43. b7 Kg7 44. Kf2 Rf8 45. Rc5 Na6 46. Rc8 Kf7 47. Ke3 Ke7 48. Kd4 Rd8+ 49. Kc4 Nb8 50. Kb5 h5 51. Kb6 Kd7 52. Bc6+ 1-0

[Event "Athens Chess Square op"]
[Site "Athens"]
[Date "2019.01.07"]
[Round "8"]
[White "Kotronias, Vasilios"]
[Black "Finokaliotis, Georgios"]
[Result "1-0"]
[WhiteElo "2493"]
[BlackElo "2057"]
[PlyCount "41"]
[EventDate "2019.01.01"]
[EventType "swiss"]
[EventRounds "8"]
[EventCountry "GRE"]
[SourceTitle "CBM 189 Extra"]
[Source "ChessBase"]
[SourceDate "2019.06.03"]
[SourceVersion "1"]
[SourceVersionDate "2019.06.03"]
[SourceQuality "1"]

1. e4 c6 2. d4 d5 3. exd5 cxd5 4. Bd3 Nc6 5. c3 Nf6 6. Bf4 e6 7. Nf3 Bd6 8. Bxd6 Qxd6 9. 0-0 0-0 10. Re1 Rb8 11. a4 b6 12. Nbd2 Bb7 13. Ne5 Ne7 14. Qf3 Ng6 15. Bxg6 hxg6 16. Qh3 Rfe8 17. Qh8+ Kxh8 18. Nxf7+ Kh7 19. Nxd6 Re7 20. Nf3 Kh6 21. Ne5 1-0

[Event "Athens Chess Square op"]
[Site "Athens"]
[Date "2019.01.04"]
[Round "4"]
[White "Delithanasis, Dimitrios"]
[Black "Finokaliotis, Georgios"]
[Result "1/2-1/2"]
[WhiteElo "1906"]
[BlackElo "2057"]
[PlyCount "57"]
[EventDate "2019.01.01"]
[EventType "swiss"]
[EventRounds "8"]
[EventCountry "GRE"]
[SourceTitle "CBM 189 Extra"]
[Source "ChessBase"]
[SourceDate "2019.06.03"]
[SourceVersion "1"]
[SourceVersionDate "2019.06.03"]
[SourceQuality "1"]

1. c4 e5 2. Nc3 Nf6 3. Nf3 Nc6 4. e4 Bc5 5. Nxe5 Nxe5 6. d4 Bb4 7. dxe5 Nxe4 8. Qf3 Nxc3 9. bxc3 Ba5 10. Qg3 Qe7 11. Be2 0-0 12. 0-0 f6 13. Bf4 fxe5 14. Bg5 Qe8 15. c5 d6 16. Rad1 Be6 17. cxd6 cxd6 18. Rxd6 Bc7 19. Rd2 Qf7 20. Bg4 Rae8 21. Be3 e4 22. Qh3 b6 23. Rfd1 Be5 24. Bxe6 Qxe6 25. Qxe6+ Rxe6 26. Rd7 Rf7 27. Rd8+ Rf8 28. Rxf8+ Kxf8 29. Rd8+ 1/2-1/2

[Event "Ambelokipi op 170th"]
[Site "Athens"]
[Date "2018.09.19"]
[Round "2"]
[White "Lymperopoulos, Georgios"]
[Black "Finokaliotis, Georgios"]
[Result "0-1"]
[WhiteElo "1794"]
[BlackElo "2102"]
[PlyCount "58"]
[EventDate "2018.09.12"]
[EventType "swiss"]
[EventRounds "7"]
[EventCountry "GRE"]
[SourceTitle "EXT 2020"]
[Source "ChessBase"]
[SourceDate "2019.10.17"]
[SourceVersion "1"]
[SourceVersionDate "2019.10.17"]
[SourceQuality "1"]

1. d4 Nf6 2. Nf3 g6 3. Bg5 Bg7 4. Nbd2 d5 5. c3 0-0 6. e3 b6 7. Be2 c5 8. 0-0 Nc6 9. Qa4 Bb7 10. Qa3 cxd4 11. cxd4 h6 12. Bh4 Ne4 13. Nxe4 dxe4 14. Nd2 g5 15. Bg3 f5 16. f3 f4 17. Be1 exf3 18. Nxf3 fxe3 19. Bc3 Qd5 20. b3 Kh8 21. Bc4 Qe4 22. d5 Bxc3 23. dxc6 Bxc6 24. Rac1 Bf6 25. Be2 g4 26. Rc4 gxf3 27. gxf3 Qe6 28. Qc1 Rg8+ 29. Kh1 Qh3 0-1

[Event "Ambelokipi op 162th"]
[Site "Athens"]
[Date "2017.02.01"]
[Round "4"]
[White "Krallis, Christos"]
[Black "Finokaliotis, Georgios"]
[Result "1-0"]
[WhiteElo "2023"]
[BlackElo "2090"]
[PlyCount "85"]
[EventDate "2017.01.11"]
[EventType "swiss"]
[EventRounds "7"]
[EventCountry "GRE"]
[SourceTitle "EXT 2024"]
[Source "ChessBase"]
[SourceDate "2023.10.10"]
[SourceVersion "1"]
[SourceVersionDate "2023.10.10"]
[SourceQuality "1"]

1. e4 c6 2. d4 d5 3. Nc3 g6 4. Nf3 Bg4 5. exd5 cxd5 6. h3 Bxf3 7. Qxf3 e6 8. Bf4 Nc6 9. Bb5 Bg7 10. 0-0 Nge7 11. Rfd1 0-0 12. Ne2 a6 13. Bxc6 Nxc6 14. c3 b5 15. Nc1 Qe7 16. Nd3 Rfc8 17. Qg3 Bf8 18. b4 a5 19. a3 Ra7 20. Nc5 axb4 21. axb4 Rca8 22. Rab1 Qd8 23. Qd3 Qb6 24. h4 Ne7 25. h5 Nf5 26. g4 Nd6 27. hxg6 hxg6 28. Kg2 Ne4 29. Rh1 Bg7 30. Qh3 Ra2 31. Qh7+ Kf8 32. Nd7+ Ke7 33. Nxb6 Rxf2+ 34. Kg1 Raa2 35. Rh2 Rxh2 36. Bxh2 Nd2 37. Qxg7 Nf3+ 38. Kf1 Nxh2+ 39. Ke1 Nf3+ 40. Kd1 Rd2+ 41. Kc1 Rh2 42. Nc8+ Kd7 43. Qxf7+ 1-0

[Event "Aegean op 37th"]
[Site "Aghios Kirykos"]
[Date "2014.07.16"]
[Round "6"]
[White "Khairallah, Faisal"]
[Black "Finokaliotis, Georgios"]
[Result "1-0"]
[WhiteElo "2296"]
[BlackElo "2059"]
[PlyCount "71"]
[EventDate "2014.07.12"]
[EventType "swiss"]
[EventRounds "9"]
[EventCountry "GRE"]
[SourceTitle "CBM 161 Extra"]
[Source "ChessBase"]
[SourceDate "2014.08.29"]
[SourceVersion "1"]
[SourceVersionDate "2014.08.29"]
[SourceQuality "1"]

1. g3 Nf6 2. Bg2 d5 3. d3 g6 4. f4 Bg7 5. Nf3 c5 6. 0-0 0-0 7. Qe1 Nc6 8. c3 b6 9. h3 Ba6 10. g4 e6 11. Na3 Rc8 12. Nc2 Re8 13. Qf2 Qe7 14. Bd2 c4 15. g5 Nd7 16. d4 Qd6 17. Ne5 Ne7 18. h4 Bb7 19. Ne3 Ba8 20. h5 Nf5 21. Bf3 Nxe3 22. Bxe3 Nxe5 23. dxe5 Qc6 24. Bd4 Bf8 25. Kg2 Bc5 26. e3 Kf8 27. Rh1 Ke7 28. hxg6 hxg6 29. Rh7 Rh8 30. Rah1 Rxh7 31. Rxh7 Qa4 32. a3 Bxd4 33. exd4 Bc6 34. f5 gxf5 35. g6 Rf8 36. Qh4+ 1-0

[Event "Ambelokipi op 136th"]
[Site "Athens"]
[Date "2013.08.08"]
[Round "7"]
[White "Mitsis, Georgios"]
[Black "Finokaliotis, Georgios"]
[Result "1-0"]
[WhiteElo "1607"]
[BlackElo "2080"]
[PlyCount "157"]
[EventDate "2013.07.31"]
[EventType "swiss"]
[EventRounds "7"]
[EventCountry "GRE"]
[SourceTitle "EXT 2024"]
[Source "ChessBase"]
[SourceDate "2023.10.10"]
[SourceVersion "1"]
[SourceVersionDate "2023.10.10"]
[SourceQuality "1"]

1. e4 d5 2. exd5 Nf6 3. d4 Nxd5 4. c4 Nb6 5. Nc3 g6 6. Be3 Bg7 7. Nf3 Bg4 8. Be2 Nc6 9. d5 Bxf3 10. Bxf3 Ne5 11. Be2 0-0 12. Qb3 Rb8 13. 0-0 Ned7 14. Rfd1 Nf6 15. Bf4 a6 16. Rac1 Nbd7 17. Qc2 Rc8 18. Na4 Nb6 19. Nc3 Qe8 20. Re1 Qd8 21. Rcd1 Ra8 22. Bf1 Re8 23. Bg5 Nbd7 24. Ne2 Qc8 25. Nd4 Nf8 26. g3 e5 27. Nf3 N6d7 28. Bh3 f5 29. c5 e4 30. Nd2 h6 31. Be3 Ne5 32. Bd4 Nd3 33. Rxe4 Rxe4 34. Nxe4 Ne5 35. Bxe5 Bxe5 36. f4 Bg7 37. Qc4 Kh8 38. d6 Qe6 39. Qxe6 Nxe6 40. dxc7 Nxc7 41. Nd6 Rb8 42. Bg2 b6 43. c6 Bxb2 44. Nf7+ Kg8 45. Rd7 Ne8 46. Nxh6+ Kh8 47. Nf7+ Kg8 48. Bd5 Nf6 49. Nh6+ Kh8 50. Rb7 Bd4+ 51. Kg2 Rxb7 52. cxb7 Nd7 53. Nf7+ Kg7 54. Nd8 Bc5 55. Bc4 Bd6 56. Bxa6 Kf6 57. Nc6 Nb8 58. Nxb8 Bxb8 59. Bc4 g5 60. fxg5+ Kxg5 61. Kf3 Be5 62. Be2 Bb8 63. Bb5 Be5 64. Bd7 Bb8 65. h4+ Kf6 66. g4 fxg4+ 67. Kxg4 Kg6 68. h5+ Kh6 69. Kf5 Kxh5 70. Ke6 Kg6 71. Kd5 Kf7 72. Kc6 Ke7 73. Bf5 Kd8 74. Kxb6 Bg3 75. Kc6 Bb8 76. a4 Ba7 77. a5 Bb8 78. Kb6 Bg3 79. Ka7 1-0

[Event "Ambelokipi op 136th"]
[Site "Athens"]
[Date "2013.08.01"]
[Round "2"]
[White "Finokaliotis, Georgios"]
[Black "Korniotis, Filippos"]
[Result "1/2-1/2"]
[WhiteElo "2080"]
[BlackElo "1872"]
[PlyCount "86"]
[EventDate "2013.07.31"]
[EventType "swiss"]
[EventRounds "7"]
[EventCountry "GRE"]
[SourceTitle "EXT 2024"]
[Source "ChessBase"]
[SourceDate "2023.10.10"]
[SourceVersion "1"]
[SourceVersionDate "2023.10.10"]
[SourceQuality "1"]

1. d4 e6 2. c4 Nf6 3. Nf3 d5 4. g3 Be7 5. Bg2 0-0 6. 0-0 c6 7. Nc3 Nbd7 8. Nd2 Rb8 9. e4 dxc4 10. Nxc4 b5 11. Ne3 b4 12. Na4 Ba6 13. Re1 Qa5 14. b3 Rfd8 15. Qc2 c5 16. d5 Ne5 17. Rd1 c4 18. Nxc4 Nxc4 19. bxc4 Bxc4 20. Qxc4 Qxa4 21. Qb3 Qa6 22. Bf4 Rbc8 23. d6 Bxd6 24. e5 g5 25. exd6 gxf4 26. Qxb4 fxg3 27. hxg3 h6 28. Bb7 Rb8 29. Qh4 Rxb7 30. Qxf6 Rxd6 31. Qxh6 Rbd7 32. Qg5+ Kf8 33. Rxd6 Qxd6 34. Rc1 Rc7 35. Rb1 Rc2 36. Qh4 Kg7 37. Rb5 Qd1+ 38. Kg2 Rxf2+ 39. Kxf2 Qd2+ 40. Kg1 Qe1+ 41. Kg2 Qe2+ 42. Kh3 Qf1+ 43. Kh2 Qf2+ 1/2-1/2

[Event "Ambelokipi op 136th"]
[Site "Athens"]
[Date "2013.07.31"]
[Round "1"]
[White "Psoma, Virginia"]
[Black "Finokaliotis, Georgios"]
[Result "0-1"]
[WhiteElo "1550"]
[BlackElo "2080"]
[PlyCount "58"]
[EventDate "2013.07.31"]
[EventType "swiss"]
[EventRounds "7"]
[EventCountry "GRE"]
[SourceTitle "EXT 2024"]
[Source "ChessBase"]
[SourceDate "2023.10.10"]
[SourceVersion "1"]
[SourceVersionDate "2023.10.10"]
[SourceQuality "1"]

1. e4 d5 2. exd5 Nf6 3. Nc3 Nxd5 4. Nxd5 Qxd5 5. Nf3 Bg4 6. Be2 Nc6 7. 0-0 e5 8. d3 0-0-0 9. Be3 f5 10. Nh4 Bxe2 11. Qxe2 f4 12. Bd2 g5 13. Qg4+ Kb8 14. Nf3 h5 15. Qxg5 Rg8 16. Qxh5 Bd6 17. Kh1 Nd4 18. c4 Qc6 19. Bc3 Rh8 20. Nxd4 exd4 21. Qf5 dxc3 22. bxc3 f3 23. g3 Rdg8 24. Qd5 Qxd5 25. cxd5 Rh5 26. c4 Rgh8 27. h4 Re8 28. Rad1 Re2 29. Kg1 Rhe5 0-1

[Event "Aegean op 33rd"]
[Site "Aghios Kirykos"]
[Date "2010.07.16"]
[Round "5"]
[White "Finokaliotis, Georgios"]
[Black "Androni, Dimitra Alexandra"]
[Result "1-0"]
[WhiteElo "1927"]
[BlackElo "1492"]
[PlyCount "31"]
[EventDate "2010.07.13"]
[EventType "swiss"]
[EventRounds "9"]
[EventCountry "GRE"]
[SourceTitle "CBM 137 Extra"]
[Source "ChessBase"]
[SourceDate "2010.09.01"]
[SourceVersion "1"]
[SourceVersionDate "2010.09.01"]
[SourceQuality "1"]

1. e4 e6 2. d4 d6 3. c4 b6 4. g3 Bb7 5. Bg2 g6 6. Nc3 Bg7 7. Nge2 Ne7 8. Be3 f5 9. Nf4 Kf7 10. exf5 Bxg2 11. fxe6+ Ke8 12. Nxg2 Nf5 13. Qf3 Na6 14. g4 Nh6 15. Bxh6 Rf8 16. Qc6+ 1-0

[Event "Aegean op 31st"]
[Site "Aghios Kirykos"]
[Date "2008.07.12"]
[Round "1"]
[White "Banikas, Hristos"]
[Black "Finokaliotis, Georgios"]
[Result "1-0"]
[WhiteElo "2571"]
[BlackElo "1959"]
[PlyCount "71"]
[EventDate "2008.07.12"]
[EventType "swiss"]
[EventRounds "9"]
[EventCountry "GRE"]
[SourceTitle "CBM 125 Extra"]
[Source "ChessBase"]
[SourceDate "2008.09.01"]
[SourceVersion "1"]
[SourceVersionDate "2008.09.01"]
[SourceQuality "1"]

1. c4 e6 2. Nf3 Nf6 3. g3 b6 4. Bg2 Bb7 5. 0-0 d6 6. d4 Nbd7 7. Nc3 Be7 8. Qc2 0-0 9. e4 e5 10. b3 Re8 11. Bb2 Bf8 12. Rad1 exd4 13. Nxd4 g6 14. Rfe1 Qc8 15. Nd5 Bg7 16. Nb5 Nxd5 17. cxd5 Bxb2 18. Qxb2 a6 19. Nd4 a5 20. a3 Nc5 21. b4 axb4 22. axb4 Na6 23. Bf1 Nb8 24. Rc1 Ba6 25. Bb5 Re7 26. Re3 Bxb5 27. Nxb5 Qd8 28. Qc3 Na6 29. Qc4 Qe8 30. Ra1 f5 31. Nc3 Qc8 32. Re2 c5 33. dxc6+ Kf8 34. Rea2 Nc7 35. Qd4 Kg8 36. Nd5 1-0